El marxismo: teoría y acción
Guardat en:
| Autors principals: | , , , , |
|---|---|
| Altres autors: | |
| Format: | Llibre |
| Idioma: | espanyol |
| Publicat: |
Santiago
Del Pacífico
1964
|
| Matèries: | |
| Etiquetes: |
Afegir etiqueta
Sense etiquetes, Sigues el primer a etiquetar aquest registre!
|
MARC
| LEADER | 00000nam a2200000 a 4500 | ||
|---|---|---|---|
| 001 | UCT7096 | ||
| 003 | CL-VaPUC | ||
| 008 | 970116e19640000CL |||||||||||||||||spa|d | ||
| 082 | 0 | 4 | |a 320.532 |b CAL |2 21 |
| 100 | 0 | |a Calvez, Jean-Yves |e author |9 377752 | |
| 700 | |a Ibáñez Langlois, José Miguel |e author |9 316900 | ||
| 700 | 0 | |a Vekemans, Roger |e author |9 377754 | |
| 700 | |a Pacheco Gómez, Máximo |e autor |9 493315 | ||
| 700 | 0 | |a Thayer Arteaga, William |e author |9 377756 | |
| 700 | 0 | |a Castillo Velasco, Jaime |e author |9 377757 | |
| 245 | 1 | 3 | |a El marxismo: teoría y acción |
| 300 | |a 306 p | ||
| 942 | |c BK | ||
| 945 | |d 19970116 00:00:00 |a paguirre | ||
| 260 | |a Santiago |b Del Pacífico |c 1964 | ||
| 650 | 7 | |a MARXISMO |2 CL-VaPUC |9 377758 | |
| 650 | 7 | |a SISTEMAS POLITICOS |2 CL-VaPUC |9 377759 | |
| 650 | 0 | |a Doctrinas políticas |9 255835 | |
| 650 | 0 | |a Ideologías |9 255200 | |
| 650 | 0 | |a Materialismo |9 265687 | |
| 650 | 0 | |a Dictadura |9 341206 | |
| 583 | |a last modification |c 19970116 00:00:00 |k Rodrigo Vera | ||
| 999 | |c 255757 |d 255755 | ||
| 952 | |0 0 |1 0 |4 0 |6 320_532000000000000_CAL_1964 |7 0 |8 A |9 278162 |a BIBDER |b BIBDER |d 2019-11-19 |i 1806181 |o 320.532 CAL 1964 |p 1806181 |r 2023-01-25 |w 2019-11-19 |y BK |k DER | ||